000 00699cam a2200217 i 4500
005 20260215105637.0
008 250721s2008 jo gr 000 0 eng d
082 1 4 _a615.1
_bM A S
100 1 _aMasadeh, Saleh
_ePrepared.
245 1 0 _aPharmacology /
_cSaleh Masadeh, Nasheet Al-Rimawi,Mahmoud Abed-Algafor.
246 1 1 _aعلم الأدوية
264 3 1 _aعمان :
_bدار تسنيم للنشر و التوزيع,
_c2008.
300 _a507 page.
650 1 7 _aPHARMACOLOGY.
650 1 7 _aDRUGS.
650 1 7 _aHIGHER EDUCATION.
700 1 _aal-rimawi, nasheet
_ePrepared.
700 1 _aabed-algafor, mahmoud
_ePrepared.
942 _2ddc
_cBK
999 _c111886
_d111886